Data Science and Analytics with Python /

Guardat en:
Dades bibliogràfiques
Autor principal: Rogel-Salazar, Jesús (autor)
Format: Llibre
Idioma:anglès
Publicat: Boca Ratón, EUA : CRC Press, 2017, c2017
Matèries:
Etiquetes: Afegir etiqueta
Sense etiquetes, Sigues el primer a etiquetar aquest registre!

MARC

LEADER 00000nam^a2200000^a^4500
001 000399212
005 20250521000000.0
009 20260310121545.507
020 |a 978-1-498-74209-2 
037 |a Acervo ITESO - Biblioteca 
041 |a ING 
082 |a 005. 7  |b ROG 
100 |a Rogel-Salazar, Jesús  |e (autor) 
245 1 0 |a Data Science and Analytics with Python /  |c J. Rogel-Salazar. 
264 4 |a Boca Ratón, EUA :  |b CRC Press,  |c 2017, c2017 
300 |a XXXV, 376 p. 
336 |a texto  |b txt  |2 rdacontenido 
337 |a sin mediación  |b n  |2 rdamedio 
338 |a volumen  |b nc  |2 rdasoporte 
521 |a FIL 2017 EEnlace Departamento de Matemáticas y Física 
649 |a XX 
650 |a Información -  |x Administración 
650 |a Datos -  |x Clasificación 
650 |a Proceso de Datos 
650 |a Bases de Datos -  |x Administración 
650 |a Análisis de Datos -  |x Tema Principal 
650 |a Sistemas de Información 
650 |a Sistemas Computacionales 
650 |a Lenguajes de Programación -  |x Tema Principal 
650 |a Ingeniería Computacional 
910 |a Fondo General 
920 |a Impresos - Libros 
930 |a Colección General 
905 |a 101 
901 |a 0500294389  |b IT1  |c ACC  |i c157467  |u 20250521 
902 |a https://opac.biblio.iteso.mx/vufind/Record/000399212